00345nam a2200133Ia 4500008004100000040001900041041001200060082002700072245003600099260002600135300001800161650001100179850002100190131103s9999 xx 000 0 und d aLoreto College aEnglish aCHBK-I/MYFbLCBED/5582 aMy first book of nursery rhymes aLondonbNelsonc[19?] a pic.c 24cm. aCHBK-I aLCBED/CHBK-I/MYF